Télévision 100 questions progressives - Statistiques

Statistiques générales
  • Ce quiz a été pris 636 fois
  • Le résultat moyen est 20 sur 100
Statistiques - réponses
% Question Réponse % Correct
1 Emission consacrée à l'économie sur M6 Capital
96%
2 Emission dans laquelle le présentateur emmène une personnalité loin de France Rendez-vous en terre inconnue
72%
3 Emission de divertissement qui a longtemps animé les samedis soirs sur France 2 Le plus grand cabaret du monde
39%
5 Emission de caricature de Canal + Les Guignols
39%
4 Présentateur de cette émission grand amateur de rugby Patrick Sébastien
37%
25 Jeu se déroulant sur une île Fort-Boyard
36%
6 Futur président de la république présenté comme sympathique dans l'émission précédente Jacques Chirac
35%
29 Chaine de diffusion du concours précédent M6
34%
30 Concours de pâtisserie de M6 Le meilleur pâtissier
33%
28 Concours de cuisine réservé aux professionnels Top Chef
33%
31 Chef présentant l'émission précédente Cyril Lignac
32%
26 Personnage mythique de l'émission précédente / Père Fouras
30%
33 Ancien jeu dans lequel des villes s'affrontaient Intervilles
30%
27 Elles sont recherchées par les candidats du jeu clés | clefs
28%
17 Emission de survie au bout du monde sur TF1 Koh Lanta
28%
54 Qui présente l'émission précédente Nagui
28%
8 Emission consacrée à la mer sur France 3 Thalassa
28%
32 Blogueuse culinaire présentant l'émission précédente Mercotte | Jacqueline Pin
27%
18 Couleurs traditionnelles des équipes de l'émission précédente Jaune | Rouge
26%
11 Agent immobilier principal de l'émission précédente Stéphane Plaza
26%
46 Quelle chaine diffusait de jeu ? TF1
26%
14 On y chante The Voice
26%
19 Présentateur de cette même émission depuis la saison 2 Denis Brogniart
25%
58 Karaoké avec trous N'oubliez pas les paroles
25%
61 Course dans des pays lointains avec des moyens limités (et pas seulement en Chine!) Pekin Express
25%
10 Emission consacrée à la recherche de logement Recherche appartement ou maison
25%
15 Version enfants The Voice kids
25%
22 Fondateur de cette association Coluche
24%
7 Boîte attribuée à Johnny Hallyday dans la même émission / Boîte à coucou
24%
9 Présentateur historique de l'émission précédente + en 2021 Georges Pernoud
23%
20 Emission annuelle concert d'une association Les Enfoirés
23%
21 Nom de l'association Les restos du coeur
23%
70 Chaîne de diffusion de ce célèbre jeu France 3
22%
53 Emission de variété présentée en 2e partie de soirée sur France 2 Taratata
22%
72 Si on en croit cette émission tout le monde peut apprendre à danser Danse avec les stars
21%
34 Présentateur historique d'Intervilles au nom en 6 lettres Guy Lux
21%
38 Quand des paysans cherchent leur partenaire L'amour est dans le pré
21%
44 Ce jeu existe dans de nombreux pays. Son titre est une question Qui veut gagner des millions ?
21%
71 Emission pour enfants qui a marqué toute une génération et portait le nom de sa principale présentatrice Club Dorothée
20%
55 Emission consacrée aux faits divers dont le titre est une phrase prononcée en audience Faites entrer l'accusé
20%
39 Présentatrice historique de l'émission Karine Le Marchand
20%
43 Quel est le chef qui tente de venir en aide aux restaurateurs Philippe Etchebest
20%
78 Jeu de TF1 dans lequel on pouvait voir une soucoupe volante et un extra-terrestre Le Bigdil
19%
90 Télé-crochet au cours duquel les candidats logent dans un château Star Académy
19%
42 Tous les restaurants ne sont pas forcément fréquentables comme on le voit souvent dans cette émission Cauchemar en cuisine
18%
45 Quelle question posait le présentateur ? C'est votre dernier mot ?
18%
73 Seul membre du jury présent depuis la 1ère émission ci-dessus Chris Marques
18%
12 On voyage avec cette émission de France 5 Echappées belles
18%
69 Présentateur historique du jeu précédent Julien Lepers
18%
93 Présentatrice historique du jeu Laurence Boccolini
18%
92 Ancien jeu dans lequel la présentatrice "maltraitait" les candidats Le maillon faible
18%
35 Présentateur du journal TV et complice du précédent dans Intervilles Léon Zitrone
18%
62 Présentateur de cette émission depuis 2006 Stéphane Rotenberg
18%
96 Jeu de quiz déjanté créé sur Canal + Burger quiz
17%
41 Présentateur du jeu précédent Jean-Luc Reichmann
17%
60 Ancienne émission de divertissement de Canal+ connu sous l'abréviation LGJ Le Grand Journal
17%
66 Jeu de Vincent Lagaf dans lesquels les candidats doivent voir juste Le juste prix
17%
37 Présentateur du magazine précédent Nikos Aliagas
17%
95 Décoratrice incontournable de cette émission Valérie Damidot
17%
74 Emission de l'après-midi qui permet de vider son grenier Affaire conclue
16%
77 Animateur de l'émission précédente Arthur
16%
94 On pouvait faire appel à l'émission pour relooker son intérieur D & CO
16%
91 1ère gagnante de ce concours Jenifer
16%
51 Emission internationale de recherche de talents La France a un incroyable talent
16%
16 Complément du titre anglais des émissions précédentes souvent oublié la plus belle voix
16%
68 Question de culture générale qui existe depuis 1988 Question pour un champion
16%
97 Emission du matin de France 2 depuis 1985 Télématin
16%
98 Emission présentée par Evelyne Thomas sur France 3 puis Chérie 25 C'est mon choix
15%
100 Une roue de loterie et un jeu de pendu, et voilà le jeu créé ! La roue de la fortune
15%
50 Sur quelle chaine est diffusée cette émission ? TMC
14%
36 Magazine de TF1 consacré aux stars 50' inside
13%
67 Présentateur qui reprend le jeu précédent en 2024 Eric Antoine
13%
48 Emission d'infodivertissement diffusée en avant-soirée depuis 2016 Quotidien
13%
76 Souvent abrégé en VTEP Vendredi tout est permis
13%
49 Qui présente cette émission ? Yann Barthès
13%
84 A l'origine cette émission était coanimée par Pierre Tchernia et Arthur Les enfants de la télé
12%
47 Au coeur de quel film se trouve-t-il ? Slumdog Millionaire
12%
63 Sky my tuesday ! Ciel mon mardi
11%
13 Qualificatif des routes qu'on peut découvrir une fois par mois dans l'émission précédentes mythiques
11%
56 Ancienne émission de talk show de Canal+ diffusée en clair Nulle part ailleurs
11%
40 Jeu qui commence à midi Douze coups de midi
10%
57 1er présentateur de cette émission Philippe Gildas
10%
79 Nom de la planète d'origine de Bill l'extra-terrestre (F...) Fricus
9%
24 Présentateur de cette émission devenu politicien un temps Nicolas Hulot
9%
99 On y voyait les clips vidéos des disques les plus vendus Hit Machine
8%
75 Complément de l'émission précédente qui montre des restaurations ou mise en valeur La vie des objets
8%
23 Emission de voyages de TF1 au nom un peu compliqué Ushuaïa nature
8%
83 Emission en direct d'actualité de France 5 C à vous
7%
64 Emission de divertissement et de talk show présentée par Christophe Dechavanne Coucou c'est nous
7%
65 Complice de Christophe Dechavanne Patrice Carmouze
7%
52 Elle a vu gagner les représentants d'une célèbre école, laquelle ? St Cyr | Saint-Cyr | ESM | Académie militaire
7%
81 Dans une même région, des amateurs se reçoivent et se jugent au cours de diners Un diner presque parfait
7%
85 Comment se nomment les images que les invités préféreraient parfois ne pas revoir Casseroles
6%
88 Présentateur actuel de ce jeu Laurent Romejko
6%
89 Il a aussi présenté ce jeu pendant 17 ans Patrice Laffont
6%
82 Dans quel lieu insolite sont filmés les candidats qui s'expriment pendant le repas hors de la présence des autres ? WC | Salle-de-Bains | Toilette
6%
59 Nom du champion en titre dans cette émission maestro
5%
80 Courte émission présenté par l'animateur dont elle a pris le nom C'est Canteloup
4%
87 Nom de ce jeu lors de sa création en 1965 Le mot le plus long
3%
86 Des chiffres et des lettres Plus vieux jeu de la télévision française
1%
Aucun quiz correspondant
Distribution des résultats
% des personnes avec chaque résultat
Percentile par nombre de réponses
Votre historique - résultats
Vous n’avez pas pris ce quiz